LIBRARY ONLINE CATALOGUE

An Introduction to sociolinguistics / (Record no. 17921)

MARC details
000 -LEADER
fixed length control field 00725nam a22002412 4500
001 - CONTROL NUMBER
control field 0000019254
003 - CONTROL NUMBER IDENTIFIER
control field OSt
005 - DATE AND TIME OF LATEST TRANSACTION
control field 20191003152757.0
008 - FIXED-LENGTH DATA ELEMENTS--GENERAL INFORMATION
fixed length control field 101022s xx 000 0 eng d
020 ## - INTERNATIONAL STANDARD BOOK NUMBER
International Standard Book Number 1118732298
040 ## - CATALOGING SOURCE
Original cataloging agency KABU
Transcribing agency KABU
050 ## - LIBRARY OF CONGRESS CALL NUMBER
Classification number P40
Item number .W37 2015 c. 2
100 1# - MAIN ENTRY--PERSONAL NAME
Personal name Wardhaugh, Ronald.
245 13 - TITLE STATEMENT
Title An Introduction to sociolinguistics /
Statement of responsibility, etc. Ronald Wardhaugh and Janet M. Fuller.
250 ## - EDITION STATEMENT
Edition statement 7th ed.
260 ## - PUBLICATION, DISTRIBUTION, ETC. (IMPRINT)
Place of publication, distribution, etc. West Sussex, UK
Name of publisher, distributor, etc. John Wiley & Sons
Date of publication, distribution, etc. 2015.
300 ## - PHYSICAL DESCRIPTION
Extent xvii, 427 p.
650 #0 - SUBJECT ADDED ENTRY--TOPICAL TERM
Topical term or geographic name as entry element Sociolinguistics.
700 ## - ADDED ENTRY--PERSONAL NAME
Personal name Fuller, Janet M.
908 ## - PUT COMMAND PARAMETER (RLIN)
Put command parameter 101022
942 ## - ADDED ENTRY ELEMENTS (KOHA)
Source of classification or shelving scheme Library of Congress Classification
Koha item type General Collection
Classification part P40
Item part .W37 2015 c. 2
Holdings
Withdrawn status Lost status Source of classification or shelving scheme Not for loan Home library Current library Date acquired Cost, normal purchase price Total Checkouts Full call number Barcode Date last seen Copy number Price effective from Koha item type Date last checked out
    Library of Congress Classification   Kabarak, Main Campus Kabarak, Main Campus 03/10/2019 3780.15   P40 .W37 2015 c. 2 023799 03/10/2019 c. 2 03/10/2019 General Collection  
    Library of Congress Classification   Kabarak, Main Campus Kabarak, Main Campus 03/10/2019 3780.15   P40 .W37 2015 c. 3 023800 03/10/2019 c. 3 03/10/2019 General Collection  
    Library of Congress Classification   Kabarak, Main Campus Kabarak, Main Campus 03/10/2019 3780.15 1 P40 .W37 2015 c. 4 023801 31/01/2022 c. 4 03/10/2019 General Collection 13/01/2022
    Library of Congress Classification   Kabarak, Main Campus Kabarak, Main Campus 03/10/2019 3780.15 1 P40 .W37 2015 c. 5 023802 19/03/2021 c. 5 03/10/2019 General Collection 18/03/2021
    Library of Congress Classification   Kabarak, Main Campus Kabarak, Main Campus 03/10/2019 3780.15 1 P40 .W37 2015 c. 6 023803 03/11/2021 c. 6 03/10/2019 General Collection 12/10/2021